[Event "FIN-ch 2018"]
[Site "Helsinki"]
[Date "2018.06.15"]
[Round "5"]
[White "Sammalvuo, Tapani"]
[Black "Luukkonen, Tommi"]
[Result "1-0"]
[WhiteElo "2435"]
[BlackElo "2349"]
[Annotator "TA"]
[PlyCount "85"]
[EventDate "2018.06.13"]
[EventType "tourn"]
[EventCountry "FIN"]
[SourceTitle "playchess.com"]
[Source "ChessBase"]
[SourceQuality "1"]

{[%evp 20,85,62,68,140,85,127,129,125,94,88,90,120,97,102,109,99,108,87,60,63,68,146,139,161,161,156,152,309,297,347,312,372,348,361,347,446,440,451,445,435,388,404,396,366,376,405,402,384,407,404,393,397,391,390,387,387,385,506,284,268,264,590,561,1134,1133,998,998]} 1. Nf3 Nf6 2. c4 d6 3. d4 g6 4. Nc3 Bf5 5. Qb3 Qc8 6. g3 Bg7 7. Bg2 c6 8. O-O O-O 9. Re1 Ne4 10. Nh4 {E62: Königsindisch (6...Sc6)} Nxc3 11. Nxf5 {LiveBook: 3 Partien} ({Viel schwächer wäre} 11. bxc3 Be6 $11) 11... gxf5 $146 ({Besser ist} 11... Qxf5 $14 12. bxc3 b6) ({Vorgänger:} 11... Nxe2+ 12. Rxe2 Qxf5 13. Qxb7 Nd7 14. Bxc6 Qd3 15. Rd2 Qxc4 16. Bxd7 Rab8 17. Qc6 Qb4 {1-0 (29) Fressinet,L (2718)-Czebe,A (2479) Bastia 2010}) 12. Qxc3 (12. bxc3 $142 Nd7 13. Rb1) 12... c5 13. Qb3 Nc6 14. d5 Ne5 15. Bh3 e6 16. Bg5 Qc7 17. a4 a6 18. Rad1 Rab8 19. Rd2 Rfe8 20. Red1 h6 (20... b5 $1 $14) 21. Bf4 $16 Red8 22. dxe6 fxe6 {[#]} 23. e4 $1 {[%cal Be2e4,Be4f5][%mdl 544]} Nf7 $2 (23... fxe4 $16 {ist wohl besser.} 24. Bxe6+ Kh8) 24. exf5 $18 e5 25. Be3 e4 26. Qc2 Re8 27. Bg2 {[%cal Bh3g2,Bg2e4,Be4d5][%mdl 32]} b5 28. axb5 axb5 29. Bxe4 bxc4 30. f6 Bxf6 31. Bd5 Kg7 32. Qf5 ({Keinesfalls} 32. Qxc4 Ne5 $18) ({Nicht} 32. Bxc4 Rxb2 33. Qf5 Rxd2 $18) 32... Ng5 33. h4 Re5 34. Qg4 h5 35. Qxc4 Nh7 36. Qf4 Qe7 37. Qh6+ Kh8 38. Bf4 Rf5 39. Qg6 Rxf4 40. gxf4 Bd4 $2 {[#]} (40... Qg7 {leistet mehr Widerstand.} 41. Qxg7+ Kxg7) 41. Qxh5 {Weiß steht klar auf Gewinn.} Re8 42. Kh1 Qd7 43. Kh2 {Precision: Weiß = 80%, Schwarz = 27%.} 1-0

[Event "FIN-ch 2018"]
[Site "Helsinki"]
[Date "2018.06.15"]
[Round "5"]
[White "Niemi, Kalle"]
[Black "Koykka, Pekka"]
[Result "1/2-1/2"]
[WhiteElo "2336"]
[BlackElo "2345"]
[Annotator "NA"]
[PlyCount "93"]
[EventDate "2018.06.13"]
[EventType "tourn"]
[EventCountry "FIN"]
[SourceTitle "playchess.com"]
[Source "ChessBase"]
[SourceQuality "1"]
[TimeControl "40/5400+30:1800+30"]

1. Nf3 {[%emt 0:00:00]} f5 {[%emt 0:00:21]} 2. d3 {[%emt 0:00:00]} d6 {[%emt 0:00:16]} 3. e4 {[%emt 0:00:00]} e5 {[%emt 0:00:19]} 4. Nc3 {[%emt 0:00:32]} Nf6 {[%emt 0:00:44]} 5. exf5 {[%emt 0:00:29]} Bxf5 {[%emt 0:00:24]} 6. d4 {[%emt 0:00:30]} Nc6 {[%emt 0:24:12]} 7. Bb5 {[%emt 0:06:35]} exd4 {[%emt 0:05:20]} 8. Nxd4 {[%emt 0:02:02]} Bd7 {[%emt 0:02:48]} 9. O-O {[%emt 0:03:34]} Nxd4 {[%emt 0:08:28]} 10. Qxd4 {[%emt 0:02:03]} Be7 {[%emt 0:23:51]} 11. Bc4 {[%emt 0:04:46]} c6 {[%emt 0:04:50]} 12. Bg5 {[%emt 0:09:50]} Qb6 {[%emt 0:03:59]} 13. Bxf6 {[%emt 0:04:27]} gxf6 {[%emt 0:03:27]} 14. Qe4 {[%emt 0:01:10]} f5 {[%emt 0:00:32]} 15. Qe2 {[%emt 0:02:16]} Kd8 {[%emt 0:01:22]} 16. Rad1 {[%emt 0:07:03]} Re8 {[%emt 0:01:09]} 17. Bf7 {[%emt 0:01:27]} Rf8 {[%emt 0:00:23]} 18. Be6 {[%emt 0:05:14]} Rf6 {[%emt 0:04:26]} 19. Bxd7 {[%emt 0:00:48]} Kxd7 {[%emt 0:00:02]} 20. Rfe1 {[%emt 0:02:14]} Re8 {[%emt 0:00:34]} 21. Rd3 {[%emt 0:00:52]} Qd8 {[%emt 0:02:43]} 22. Re3 {[%emt 0:01:11]} Rf7 {[%emt 0:00:45]} 23. b4 {[%emt 0:01:35]} Ref8 {[%emt 0:02:09]} 24. b5 {[%emt 0:08:39]} Bg5 {[%emt 0:01:29]} 25. bxc6+ {[%emt 0:03:12]} bxc6 {[%emt 0:00:02]} 26. Re6 {[%emt 0:02:44]} Re7 {[%emt 0:01:19]} 27. Qc4 {[%emt 0:02:47]} Rfe8 {[%emt 0:00:55]} 28. Rxe7+ {[%emt 0:11:37]} Rxe7 {[%emt 0:00:03]} 29. Rb1 {[%emt 0:00:30]} Qc7 {[%emt 0:01:43]} 30. h4 {[%emt 0:02:27]} Bf6 {[%emt 0:00:32]} 31. Ne2 {[%emt 0:00:50]} d5 {[%emt 0:01:01]} 32. Qa6 {[%emt 0:02:09]} Ke8 {[%emt 0:01:26]} 33. Ng3 {[%emt 0:00:56]} Qd7 {[%emt 0:04:54]} 34. Qd3 {[%emt 0:01:31]} Qe6 {[%emt 0:00:30]} 35. Nxf5 {[%emt 0:01:02]} Rd7 {[%emt 0:00:10]} 36. Nd4 {[%emt 0:02:31]} Qe4 {[%emt 0:00:36]} 37. Nxc6 {[%emt 0:03:03]} Qxd3 {[%emt 0:00:37]} 38. cxd3 {[%emt 0:00:07]} Rc7 {[%emt 0:00:15]} 39. Nb4 {[%emt 0:01:15]} Rc5 {[%emt 0:00:27]} 40. g3 {[%emt 0:00:00]} a5 {[%emt 0:00:25]} 41. Na6 {[%emt 0:05:38]} Rc6 {[%emt 0:11:56]} 42. Nb8 {[%emt 0:01:36]} Rc2 {[%emt 0:01:43]} 43. Rb5 {[%emt 0:04:43]} Bd4 {[%emt 0:02:23]} 44. Rxa5 {[%emt 0:07:55]} Bxf2+ {[%emt 0:00:17]} 45. Kf1 {[%emt 0:00:22]} Bxg3 {[%emt 0:00:30]} 46. Na6 {[%emt 0:01:06]} Bxh4 {[%emt 0:05:21]} 47. Rxd5 {[%emt 0:01:19]} 1/2-1/2

[Event "FIN-ch 2018"]
[Site "Helsinki"]
[Date "2018.06.15"]
[Round "5"]
[White "Jarvenpaa, Jari"]
[Black "Nyysti, Sampsa"]
[Result "1/2-1/2"]
[WhiteElo "2310"]
[BlackElo "2322"]
[Annotator "NA"]
[PlyCount "120"]
[EventDate "2018.06.13"]
[EventType "tourn"]
[EventCountry "FIN"]
[SourceTitle "playchess.com"]
[Source "ChessBase"]
[SourceQuality "1"]
[TimeControl "40/5400+30:1800+30"]

1. d4 {[%emt 0:00:00]} Nf6 {[%emt 0:00:06]} 2. Nf3 {[%emt 0:00:00]} e6 {[%emt 0:00:10]} 3. Bg5 {[%emt 0:00:05]} h6 {[%emt 0:00:08]} 4. Bh4 {[%emt 0:00:52]} c5 {[%emt 0:00:26]} 5. e3 {[%emt 0:04:01]} b6 {[%emt 0:00:54]} 6. Nbd2 {[%emt 0:01:23]} Bb7 {[%emt 0:00:20]} 7. c3 {[%emt 0:00:29]} Be7 {[%emt 0:00:48]} 8. Bd3 {[%emt 0:00:30]} cxd4 {[%emt 0:00:11]} 9. cxd4 {[%emt 0:04:02]} Nc6 {[%emt 0:03:25]} 10. O-O {[%emt 0:00:52]} O-O {[%emt 0:12:39]} 11. a3 {[%emt 0:00:19]} d5 {[%emt 0:05:17]} 12. Qb1 {[%emt 0:03:56]} Nd7 {[%emt 0:07:54]} 13. Bg3 {[%emt 0:02:06]} f5 {[%emt 0:02:34]} 14. Rc1 {[%emt 0:04:01]} Rc8 {[%emt 0:02:29]} 15. b4 {[%emt 0:04:23]} g5 {[%emt 0:07:35]} 16. Bb5 {[%emt 0:05:35]} a6 {[%emt 0:18:17]} 17. Bxc6 {[%emt 0:07:55]} Rxc6 {[%emt 0:00:05]} 18. Qd3 {[%emt 0:02:53]} Qa8 {[%emt 0:01:27]} 19. Ne5 {[%emt 0:02:41]} Nxe5 {[%emt 0:00:06]} 20. Bxe5 {[%emt 0:00:18]} Rfc8 {[%emt 0:00:29]} 21. Rd1 {[%emt 0:01:55]} Rc3 {[%emt 0:03:24]} 22. Qe2 {[%emt 0:01:11]} g4 {[%emt 0:00:34]} 23. h3 {[%emt 0:10:02]} h5 {[%emt 0:15:30]} 24. hxg4 {[%emt 0:02:53]} hxg4 {[%emt 0:00:13]} 25. f3 {[%emt 0:00:55]} Bc6 {[%emt 0:04:14]} 26. fxg4 {[%emt 0:02:12]} Bb5 {[%emt 0:02:36]} 27. Qf3 {[%emt 0:02:51]} Rf8 {[%emt 0:00:56]} 28. gxf5 {[%emt 0:10:17]} Rxf5 {[%emt 0:00:02]} 29. Qg4+ {[%emt 0:03:03]} Kf7 {[%emt 0:00:36]} 30. Qg7+ {[%emt 0:03:31]} Ke8 {[%emt 0:00:01]} 31. a4 {[%emt 0:05:55]} Bd3 {[%emt 0:02:24]} 32. Nf3 {[%emt 0:03:20]} Qc8 {[%emt 0:02:29]} 33. Bf4 {[%emt 0:03:36]} Be4 {[%emt 0:01:38]} 34. Qh8+ {[%emt 0:04:49]} Rf8 {[%emt 0:02:19]} 35. Qh5+ {[%emt 0:00:18]} Kd8 {[%emt 0:00:41]} 36. Ng5 {[%emt 0:01:02]} Bc2 {[%emt 0:04:42]} 37. Rf1 {[%emt 0:01:33]} Bd3 {[%emt 0:00:25]} 38. Nf7+ {[%emt 0:01:49]} Rxf7 {[%emt 0:00:37]} 39. Qxf7 {[%emt 0:00:02]} Bxf1 {[%emt 0:00:06]} 40. Rxf1 {[%emt 0:00:00]} Rc1 {[%emt 0:01:01]} 41. Rxc1 {[%emt 0:02:28]} Qxc1+ {[%emt 0:00:42]} 42. Kh2 {[%emt 0:00:36]} Qe1 {[%emt 0:01:59]} 43. Qxe6 {[%emt 0:13:04]} Qh4+ {[%emt 0:00:15]} 44. Qh3 {[%emt 0:00:01]} Qxh3+ {[%emt 0:00:08]} 45. gxh3 {[%emt 0:01:13]} Bxb4 {[%emt 0:00:10]} 46. h4 {[%emt 0:01:15]} b5 {[%emt 0:08:39]} 47. axb5 {[%emt 0:00:56]} axb5 {[%emt 0:00:02]} 48. Kg2 {[%emt 0:01:13]} Bc3 {[%emt 0:08:17]} 49. Kf3 {[%emt 0:05:11]} b4 {[%emt 0:00:18]} 50. Ke2 {[%emt 0:01:19]} b3 {[%emt 0:00:04]} 51. Kd3 {[%emt 0:02:33]} Be1 {[%emt 0:00:21]} 52. Bd6 {[%emt 0:04:38]} Bxh4 {[%emt 0:00:45]} 53. Kc3 {[%emt 0:00:31]} Kd7 {[%emt 0:00:11]} 54. Bf4 {[%emt 0:00:23]} Kc6 {[%emt 0:00:05]} 55. Kxb3 {[%emt 0:00:07]} Be7 {[%emt 0:00:42]} 56. Kc3 {[%emt 0:01:35]} Bd8 {[%emt 0:00:15]} 57. Kd3 {[%emt 0:00:10]} Kd7 {[%emt 0:00:10]} 58. e4 {[%emt 0:00:08]} dxe4+ {[%emt 0:00:05]} 59. Kxe4 {[%emt 0:00:05]} Bb6 {[%emt 0:00:08]} 60. d5 {[%emt 0:00:05]} Bc5 {[%emt 0:00:13]} 1/2-1/2

[Event "FIN-ch 2018"]
[Site "Helsinki"]
[Date "2018.06.16"]
[Round "6"]
[White "Agopov, Mikael"]
[Black "Sammalvuo, Tapani"]
[Result "1-0"]
[WhiteElo "2436"]
[BlackElo "2435"]
[Annotator "TA"]
[PlyCount "133"]
[EventDate "2018.06.13"]
[EventType "tourn"]
[EventCountry "FIN"]
[SourceTitle "playchess.com"]
[Source "ChessBase"]
[SourceQuality "1"]

{[%evp 17,133,47,46,0,43,0,-18,-21,-22,-25,-18,-77,-4,-4,0,-4,-4,-4,0,0,0,0,0,0,8,16,10,7,10,23,19,0,39,31,80,87,99,90,84,30,85,42,43,30,34,37,43,38,93,81,106,47,60,47,49,50,45,46,60,60,61,50,50,53,75,82,89,74,152,122,198,189,212,190,149,156,214,186,308,308,300,292,297,297,12829,12835,12833,1925,12835,12832,12836,12836,12837,12836,10558,76,76,61,12833,12613,12836,12835,12839,12840,12840,12841,12841,12841,12841,12842,12841,12843,12844,12844,12845,12845,12848,12848]} 1. d4 Nf6 2. c4 c5 3. d5 b5 4. Nf3 d6 5. Qc2 bxc4 6. e4 g6 7. Bxc4 Bg7 8. O-O O-O 9. Nc3 Nbd7 10. a4 {A57: Benko/Volga Gambit} (10. Rd1 Rb8 11. h3 Nh5 12. Bg5 f5 13. Rab1 f4 14. Bh4 Ne5 15. Be2 Qe8 16. Nxe5 Bxe5 17. Bg5 Kg7 18. Qa4 Bd7 19. Qxa7 h6 20. Bh4 Ra8 21. Qb7 Rb8 22. Qa7 Ra8 23. Qb7 Rb8 24. Qa7 {½-½ (24) Tkachiev,V (2637)-Perunovic,M (2622) Warsaw 2013}) 10... Rb8 11. Re1 (11. Nb5 $14) 11... Ng4 $146 ({Predecessor:} 11... Rb4 12. Na2 Rb8 13. Rb1 Nb6 14. b4 Nxc4 15. Qxc4 e6 16. Bg5 exd5 17. exd5 Bf5 18. Rbc1 cxb4 19. Nxb4 Qa5 20. Nc6 {1-0 (20) Qendro,L (2360)-Crippa,G Ceriano Laghetto 1998}) 12. Bf1 {The position is equal.} Nde5 13. Nxe5 Nxe5 14. Ra3 (14. h3 $11) 14... Qb6 ({Better is} 14... f5 $17) 15. h3 c4 16. Nb5 a6 17. Be3 Qa5 18. Bd2 $1 {[%cal Rd2a5]} Qb6 19. Be3 Qa5 20. Bd2 $1 {[%cal Rd2a5]} Qd8 21. Nd4 Qb6 22. Bc3 a5 23. Qd2 Ba6 24. Nb5 Bxb5 25. axb5 Qc5 26. Rxa5 Rxb5 27. b4 $36 {[%mdl 2048] White is in control.} Qb6 28. Bd4 (28. Rc1 $16) 28... Qb7 (28... Qxd4 $11 29. Qxd4 Rxa5) 29. Rxb5 Qxb5 30. Qc3 {And now f4 would win.} Rb8 31. Rb1 {Hoping for f4.} g5 32. Be2 f5 (32... Qa6 $14) 33. exf5 $16 Rc8 34. Rc1 (34. Qe3 $16) 34... Qxd5 $14 35. Bxe5 Qxe5 36. Qxe5 Bxe5 37. Rxc4 Rxc4 38. Bxc4+ {[%mdl 4096] Endgame KB-KB} Kg7 39. Kf1 Kf6 40. Ke2 Bc3 41. b5 Bd4 42. Kf3 Ke5 {[#]} (42... Kxf5 $142 43. Bd3+ Kf6) 43. Kg4 $1 $16 Bxf2 (43... h6 $16 {was necessary.}) 44. Kxg5 $18 d5 45. Be2 Be3+ 46. Kg4 Bc5 (46... Bf2 $16 47. Kf3 Bb6) 47. Bd3 Kf6 (47... Kd4 $142 48. f6 exf6 49. Bxh7 Kc4) 48. Kh5 Be3 49. g4 h6 50. h4 e6 $2 (50... Kf7 51. b6 Bxb6 52. Kxh6 Bf2) 51. fxe6 Kxe6 52. Kg6 (52. g5 $142 hxg5 53. hxg5) 52... Ke7 53. g5 hxg5 54. hxg5 Ke6 55. Kh5 Bd4 56. g6 $2 (56. Bf1 $18 {and the rest is easy.} Ke7 57. Kg6) 56... Bg7 $16 57. Kg4 Ke5 $2 {[%mdl 8192]} (57... Kd6 $14) 58. b6 $18 {White is clearly winning.} Kd6 59. Bb5 d4 60. Kf3 Bh8 61. Ke4 Bg7 62. Kd3 Bh8 63. Kc4 Be5 {[#]} 64. Kb4 $1 {[%cal Rb4a5]} Bf6 65. Ka5 Be5 66. Ka6 Bf6 67. b7 {Precision: White = 68%, Black = 31%.} 1-0

[Event "FIN-ch 2018"]
[Site "Helsinki"]
[Date "2018.06.16"]
[Round "6"]
[White "Sipila, Vilka"]
[Black "Niemi, Kalle"]
[Result "0-1"]
[WhiteElo "2383"]
[BlackElo "2336"]
[Annotator "NA"]
[PlyCount "64"]
[EventDate "2018.06.13"]
[EventType "tourn"]
[EventCountry "FIN"]
[SourceTitle "playchess.com"]
[Source "ChessBase"]
[SourceQuality "1"]
[TimeControl "40/5400+30:1800+30"]

1. e4 {[%emt 0:00:00]} c6 {[%emt 0:00:18]} 2. d4 {[%emt 0:00:00]} d5 {[%emt 0:00:07]} 3. exd5 {[%emt 0:00:23]} cxd5 {[%emt 0:00:08]} 4. Bd3 {[%emt 0:00:04]} Nc6 {[%emt 0:00:26]} 5. c3 {[%emt 0:00:08]} Nf6 {[%emt 0:00:28]} 6. Nf3 {[%emt 0:00:14]} Bg4 {[%emt 0:01:28]} 7. Qb3 {[%emt 0:00:16]} Qc7 {[%emt 0:02:27]} 8. Ne5 {[%emt 0:16:13]} Nxe5 {[%emt 0:04:04]} 9. dxe5 {[%emt 0:00:13]} Qxe5+ {[%emt 0:00:43]} 10. Be3 {[%emt 0:00:15]} Qc7 {[%emt 0:06:45]} 11. Na3 {[%emt 0:01:32]} a6 {[%emt 0:04:47]} 12. c4 {[%emt 0:09:57]} e6 {[%emt 0:10:55]} 13. cxd5 {[%emt 0:10:08]} exd5 {[%emt 0:03:46]} 14. Rc1 {[%emt 0:04:50]} Qe5 {[%emt 0:05:19]} 15. h3 {[%emt 0:17:35]} Bd7 {[%emt 0:01:35]} 16. O-O {[%emt 0:00:20]} Bd6 {[%emt 0:01:19]} 17. g3 {[%emt 0:00:06]} Qh5 {[%emt 0:01:13]} 18. Bf4 {[%emt 0:15:18]} Bxf4 {[%emt 0:00:47]} 19. Rfe1+ {[%emt 0:00:06]} Be5 {[%emt 0:06:53]} 20. Qb4 {[%emt 0:06:25]} Be6 {[%emt 0:00:43]} 21. h4 {[%emt 0:05:58]} Rd8 {[%emt 0:03:11]} 22. Be2 {[%emt 0:01:24]} Qf5 {[%emt 0:04:43]} 23. Bb5+ {[%emt 0:02:37]} axb5 {[%emt 0:08:45]} 24. Nxb5 {[%emt 0:00:06]} Ne4 {[%emt 0:03:39]} 25. Re2 {[%emt 0:00:09]} Bd6 {[%emt 0:02:17]} 26. Nc7+ {[%emt 0:00:12]} Bxc7 {[%emt 0:01:02]} 27. Rxc7 {[%emt 0:00:05]} Nd6 {[%emt 0:00:28]} 28. g4 {[%emt 0:00:12]} Qf6 {[%emt 0:00:50]} 29. g5 {[%emt 0:00:10]} Qf5 {[%emt 0:00:16]} 30. Qa4+ {[%emt 0:01:21]} b5 {[%emt 0:00:22]} 31. Qd4 {[%emt 0:00:21]} O-O {[%emt 0:00:54]} 32. Rxe6 {[%emt 0:00:08]} Qxe6 {[%emt 0:00:14]} 0-1

[Event "FIN-ch 2018"]
[Site "Helsinki"]
[Date "2018.06.16"]
[Round "6"]
[White "Luukkonen, Tommi"]
[Black "Karttunen, Mika"]
[Result "0-1"]
[WhiteElo "2349"]
[BlackElo "2466"]
[Annotator "TA"]
[PlyCount "120"]
[EventDate "2018.06.13"]
[EventType "tourn"]
[EventCountry "FIN"]
[SourceTitle "playchess.com"]
[Source "ChessBase"]
[SourceQuality "1"]

{[%evp 22,120,21,22,26,25,26,19,24,0,27,0,0,0,0,0,12,0,25,0,7,0,0,-25,-22,-10,-14,-22,-10,-20,-21,-34,-19,-38,-41,-56,-23,-78,0,0,202,193,266,260,246,246,281,166,144,123,122,106,114,126,110,135,122,116,125,138,289,129,122,83,102,12,12,11,14,0,0,0,0,0,0,0,0,0,0,-9,0,0,0,-470,-418,-343,-236,-1189,-12829,-12833,-12833,-12827,-12832,-12843,-12843,-12845,-12845,-12846,-12847,-12848,-12848]} 1. e4 e5 2. Nf3 Nc6 3. Bc4 Bc5 4. O-O Nf6 5. d3 O-O 6. h3 h6 7. c3 d6 8. a4 {C54: Giuoco Piano: 4 c3 Nf6, main lines with 5 d4 and 5 d3} a6 9. Re1 Ba7 10. Nbd2 Be6 11. Bxe6 fxe6 12. b4 {LiveBook: 9 Games} Qe8 13. Nf1 Nh5 14. Be3 Bxe3 15. Rxe3 {[#]} Qf7 $146 ({Predecessor:} 15... Nf4) 16. Qd2 Nf4 17. Ng3 Qg6 18. Kh2 Kh8 19. Rg1 Rf7 20. b5 Na5 21. Qa2 c5 22. Rd1 axb5 23. axb5 b6 24. d4 exd4 25. cxd4 c4 26. Qa3 Rd8 27. d5 e5 28. Ne1 Rf6 29. Nf5 (29. Rc3 $11) 29... Qf7 ({Better is} 29... Rxf5 $17 30. exf5 Qxf5) 30. Rg3 $11 Rg8 $2 (30... Nh5 $11) 31. Nxd6 $18 Qf8 (31... Qd7 {is a better defense.}) 32. Nf5 Qxa3 33. Rxa3 Rc8 34. g3 (34. Nf3 $142) 34... Ne2 35. Re3 Nd4 36. Nxd4 exd4 37. Rxd4 Rxf2+ 38. Kg1 Rcf8 {[#]} 39. e5 $1 {[%cal Re5e6] And now e6 would win.} Rf1+ 40. Kh2 {Hoping for e6.} R8f2+ 41. Ng2 c3 42. Rxc3 Re1 {[#]} 43. g4 (43. Rf3 $1 $16 {[%cal Rf3f2]} Rc2 44. g4) 43... Ree2 $1 $11 44. Rg3 {aiming for Kg1.} Nb3 $1 {[%cal Rb3d4]} 45. Rdd3 Nd2 $1 46. d6 Nf1+ 47. Kg1 Nxg3 48. Rxg3 {[%mdl 4096] Endgame KRR-KRN} Rd2 {Threatens to win with ...Rfe2.} 49. Nh4 {Nf3 is the strong threat.} Rfe2 {[%cal Re2e1]} 50. Rg2 Rxg2+ 51. Nxg2 {KR-KN} Kg8 {White must now prevent ...Re2.} 52. Ne3 $2 {[%mdl 8192]} (52. Ne1 $11) 52... Kf7 $19 53. Nc4 Rd5 54. Nxb6 $2 (54. Kf2) 54... Rxe5 {Black is clearly winning.} 55. Nc4 Rxb5 56. Kf2 Ke6 57. h4 Rb4 58. Ne3 Kxd6 59. Nf5+ Ke5 60. Kf3 Rf4+ {Precision: White = 35%, Black = 68%.} 0-1

[Event "FIN-ch 2018"]
[Site "Helsinki"]
[Date "2018.06.16"]
[Round "6"]
[White "Koykka, Pekka"]
[Black "Jarvenpaa, Jari"]
[Result "1-0"]
[WhiteElo "2345"]
[BlackElo "2310"]
[Annotator "NA"]
[PlyCount "79"]
[EventDate "2018.06.13"]
[EventType "tourn"]
[EventCountry "FIN"]
[SourceTitle "playchess.com"]
[Source "ChessBase"]
[SourceQuality "1"]
[TimeControl "40/5400+30:1800+30"]

1. d4 {[%emt 0:00:00]} d5 {[%emt 0:01:23]} 2. c4 {[%emt 0:00:00]} dxc4 {[%emt 0:00:17]} 3. e3 {[%emt 0:00:00]} Nf6 {[%emt 0:01:26]} 4. Bxc4 {[%emt 0:00:16]} e6 {[%emt 0:00:21]} 5. Nf3 {[%emt 0:00:17]} c5 {[%emt 0:00:19]} 6. O-O {[%emt 0:00:16]} a6 {[%emt 0:01:09]} 7. b3 {[%emt 0:00:26]} Nc6 {[%emt 0:02:42]} 8. Bb2 {[%emt 0:01:10]} Qc7 {[%emt 0:02:14]} 9. Nbd2 {[%emt 0:02:22]} cxd4 {[%emt 0:02:41]} 10. Nxd4 {[%emt 0:00:53]} Bd7 {[%emt 0:03:28]} 11. Rc1 {[%emt 0:08:47]} Bd6 {[%emt 0:03:59]} 12. N4f3 {[%emt 0:07:58]} O-O {[%emt 0:07:11]} 13. Bd3 {[%emt 0:09:36]} Be7 {[%emt 0:05:13]} 14. Bb1 {[%emt 0:03:06]} Rad8 {[%emt 0:06:38]} 15. Qc2 {[%emt 0:21:42]} g6 {[%emt 0:00:32]} 16. Ba1 {[%emt 0:07:00]} Nd5 {[%emt 0:07:11]} 17. Ne4 {[%emt 0:07:56]} Qa5 {[%emt 0:06:32]} 18. Nfd2 {[%emt 0:03:02]} b5 {[%emt 0:05:17]} 19. Qb2 {[%emt 0:01:37]} f6 {[%emt 0:04:03]} 20. Nc5 {[%emt 0:00:54]} Bxc5 {[%emt 0:06:24]} 21. Rxc5 {[%emt 0:00:10]} Nce7 {[%emt 0:03:28]} 22. Ne4 {[%emt 0:04:26]} e5 {[%emt 0:03:48]} 23. a3 {[%emt 0:06:22]} Qb6 {[%emt 0:00:59]} 24. b4 {[%emt 0:00:43]} Bf5 {[%emt 0:01:55]} 25. Qb3 {[%emt 0:03:26]} Qe6 {[%emt 0:04:44]} 26. Rcc1 {[%emt 0:01:53]} Nf4 {[%emt 0:07:47]} 27. Qxe6+ {[%emt 0:04:32]} Nxe6 {[%emt 0:00:16]} 28. Ba2 {[%emt 0:00:19]} Bxe4 {[%emt 0:04:58]} 29. Bxe6+ {[%emt 0:00:06]} Kh8 {[%emt 0:00:20]} 30. Rc7 {[%emt 0:02:47]} Nd5 {[%emt 0:01:20]} 31. Ra7 {[%emt 0:00:38]} Rd6 {[%emt 0:02:57]} 32. Bh3 {[%emt 0:02:01]} Bd3 {[%emt 0:03:35]} 33. Rd1 {[%emt 0:00:40]} Rc6 {[%emt 0:00:53]} 34. Rd7 {[%emt 0:00:52]} Bc4 {[%emt 0:00:10]} 35. g3 {[%emt 0:00:34]} Rb8 {[%emt 0:01:04]} 36. Bg2 {[%emt 0:00:25]} Rc7 {[%emt 0:00:40]} 37. R1xd5 {[%emt 0:00:21]} Bxd5 {[%emt 0:00:32]} 38. Rxc7 {[%emt 0:00:05]} Bxg2 {[%emt 0:00:08]} 39. Kxg2 {[%emt 0:00:04]} Rd8 {[%emt 0:00:07]} 40. Bc3 {[%emt 0:00:00]} 1-0

[Event "FIN-ch 2018"]
[Site "Helsinki"]
[Date "2018.06.16"]
[Round "6"]
[White "Keinanen, Toivo"]
[Black "Nyysti, Sampsa"]
[Result "1-0"]
[WhiteElo "2341"]
[BlackElo "2322"]
[Annotator "NA"]
[PlyCount "93"]
[EventDate "2018.06.13"]
[EventType "tourn"]
[EventCountry "FIN"]
[SourceTitle "playchess.com"]
[Source "ChessBase"]
[SourceQuality "1"]
[TimeControl "40/5400+30:1800+30"]

1. d4 {[%emt 0:00:00]} Nf6 {[%emt 0:00:10]} 2. c4 {[%emt 0:02:32]} e6 {[%emt 0:00:05]} 3. g3 {[%emt 0:00:15]} d5 {[%emt 0:00:14]} 4. Nf3 {[%emt 0:00:05]} Be7 {[%emt 0:00:10]} 5. Bg2 {[%emt 0:01:20]} O-O {[%emt 0:00:10]} 6. O-O {[%emt 0:00:03]} dxc4 {[%emt 0:00:10]} 7. Qc2 {[%emt 0:03:27]} a6 {[%emt 0:00:09]} 8. a4 {[%emt 0:00:08]} Bd7 {[%emt 0:01:15]} 9. Qxc4 {[%emt 0:00:42]} Bc6 {[%emt 0:00:07]} 10. Bf4 {[%emt 0:00:17]} Bd6 {[%emt 0:01:26]} 11. Qc1 {[%emt 0:00:04]} Bxf4 {[%emt 0:00:50]} 12. Qxf4 {[%emt 0:00:28]} Qd6 {[%emt 0:00:13]} 13. Nc3 {[%emt 0:09:41]} Nbd7 {[%emt 0:03:22]} 14. Rfc1 {[%emt 0:10:21]} Rac8 {[%emt 0:15:38]} 15. Qh4 {[%emt 0:07:15]} Bxf3 {[%emt 0:15:10]} 16. Bxf3 {[%emt 0:00:57]} c6 {[%emt 0:01:26]} 17. Qf4 {[%emt 0:11:43]} Qxf4 {[%emt 0:04:43]} 18. gxf4 {[%emt 0:00:14]} a5 {[%emt 0:08:37]} 19. Rcb1 {[%emt 0:16:39]} Nd5 {[%emt 0:13:44]} 20. Nxd5 {[%emt 0:01:01]} cxd5 {[%emt 0:00:30]} 21. b4 {[%emt 0:00:06]} axb4 {[%emt 0:19:16]} 22. Rxb4 {[%emt 0:00:14]} Rc7 {[%emt 0:00:06]} 23. Rab1 {[%emt 0:03:10]} b6 {[%emt 0:00:17]} 24. f5 {[%emt 0:03:13]} Rfc8 {[%emt 0:01:34]} 25. Bg4 {[%emt 0:02:48]} Rc1+ {[%emt 0:03:23]} 26. Kg2 {[%emt 0:03:24]} Rxb1 {[%emt 0:00:05]} 27. Rxb1 {[%emt 0:00:01]} Rc6 {[%emt 0:00:30]} 28. e4 {[%emt 0:05:00]} exf5 {[%emt 0:04:22]} 29. Bxf5 {[%emt 0:00:50]} Nf8 {[%emt 0:02:00]} 30. exd5 {[%emt 0:03:08]} Rc4 {[%emt 0:00:51]} 31. Rxb6 {[%emt 0:04:19]} Rxa4 {[%emt 0:02:19]} 32. d6 {[%emt 0:00:28]} Rxd4 {[%emt 0:00:07]} 33. d7 {[%emt 0:00:20]} Rxd7 {[%emt 0:00:41]} 34. Bxd7 {[%emt 0:00:05]} Nxd7 {[%emt 0:00:05]} 35. Rb7 {[%emt 0:01:35]} Nf8 {[%emt 0:00:09]} 36. Kg3 {[%emt 0:00:54]} g6 {[%emt 0:00:25]} 37. Kf4 {[%emt 0:01:38]} Kg7 {[%emt 0:01:12]} 38. Ke5 {[%emt 0:01:02]} h5 {[%emt 0:01:17]} 39. f4 {[%emt 0:06:50]} Nh7 {[%emt 0:00:10]} 40. f5 {[%emt 0:00:00]} g5 {[%emt 0:02:33]} 41. Rb6 {[%emt 0:03:39]} Nf8 {[%emt 0:13:15]} 42. Rd6 {[%emt 0:03:09]} Nh7 {[%emt 0:03:41]} 43. f6+ {[%emt 0:03:35]} Kh6 {[%emt 0:02:38]} 44. Rd8 {[%emt 0:01:34]} g4 {[%emt 0:00:25]} 45. Kf5 {[%emt 0:00:45]} Ng5 {[%emt 0:01:44]} 46. Rh8+ {[%emt 0:00:46]} Nh7 {[%emt 0:00:03]} 47. Rg8 {[%emt 0:00:16]} 1-0